000
00261nam a2200109Ia 4500
008
190912s9999||||xx |||||||||||||| ||und||
100
_a
Morgan, Rachel
245
0
_a
Introduction UNIX System
260
_a
New york
_b
Macmillan
_c
1987
300
_a
612
942
_c
BK
999
_c
7185
_d
7185